000 00993nam a22002057a 4500
999 _c17558
_d17558
003 AR-CdUCM
008 190405b ||||| |||| 00| 0 spa d
040 _aMUNICIPALIDAD PROVINCIAL DEL CUSCO
_cBIBLIOTECA MUNICIPAL DEL CUSCO
082 _a888.6 /
_bP68
100 _aPlutarco
_926909
245 _aVidas paralelas /
260 _aMéxico :
_bUniversidad nacional de México,
_c1921.
300 _a455 paginas ;
_c18 cm.
505 _aContenido : t.1 : Teseo -- Rómulo -- Comparación de Teseo y Rómulo Licurgo -- Numa -- Comparacion de Lícurgo y Numa -- t.2 : Aristides -- Marco Catón -- Filpemen -- Tito Quincio Flaminino --Pirro -- t.3 : Pericles -- Fabio Maximo -- Comparacion de Pericles y Fabio Máximo -- Alcibiades -- Cayo Marcio Coriolano... t.4. Cimón -- Luculo -- Nicias -- Marco Craso -- Sertorio Éumenes.
650 _aPensamiento universal
_92140
650 _aLiteratura
_983
650 _aObras maestras
_915062
942 _2ddc
_cLIBROS
945 _arah
_d09/05/2019